export_success — 

Crisis and neoliberal reforms in Africa civil society and agro-industry in anglophone Cameroon's plantation economy /

Bibliographic Details
Main Author: Konings, Piet.
Corporate Author: ProQuest (Firm)
Format: Electronic eBook
Language:English
Published: Bamenda : Leiden, The Netherlands : Langaa RPCIG ; African Studies Centre, c2011.
Subjects:
Online Access:Click to View
LEADER 01439nam a2200349Ia 4500
001 EBC1135144
003 MiAaPQ
005 20200520144314.0
006 m o d |
007 cr cn|||||||||
008 101226s2011 cm a sb 001 0 eng d
020 |z 9789956578030 
020 |z 9956578037 
035 |a (MiAaPQ)EBC1135144 
035 |a (Au-PeEL)EBL1135144 
035 |a (CaPaEBR)ebr10448524 
035 |a (CaONFJC)MIL300489 
035 |a (OCoLC)830165845 
040 |a MiAaPQ  |c MiAaPQ  |d MiAaPQ 
050 4 |a JQ3529.A15  |b K66 2011 
100 1 |a Konings, Piet. 
245 1 0 |a Crisis and neoliberal reforms in Africa  |h [electronic resource] :  |b civil society and agro-industry in anglophone Cameroon's plantation economy /  |c Piet Konings. 
260 |a Bamenda :  |b Langaa RPCIG ;  |a Leiden, The Netherlands :  |b African Studies Centre,  |c c2011. 
300 |a xiii, 262 p. :  |b ill. 
504 |a Includes bibliographical references (p. 219-243) and index. 
533 |a Electronic reproduction. Ann Arbor, MI : ProQuest, 2015. Available via World Wide Web. Access may be limited to ProQuest affiliated libraries. 
650 0 |a Agriculture  |x Economic aspects  |z Cameroon. 
651 0 |a Cameroon  |x Politics and government. 
651 0 |a Cameroon  |x Economic conditions  |y 21st century. 
655 4 |a Electronic books. 
710 2 |a ProQuest (Firm) 
856 4 0 |u https://ebookcentral.proquest.com/lib/matrademy/detail.action?docID=1135144  |z Click to View